000 00419nam a22001697a 4500
003 NUST - PNEC
005 20170116181123.0
008 151005b xxu||||| |||| 00| 0 eng d
020 _a086230038X
040 _cLIBRARY
082 _a799.1209 BEG
100 _913561
_aBegbie, Eric
245 _aThe Sportsman's companion
_cEric Begbie
260 _cc.1981
650 _913562
_aFishing
_xGeneral
942 _2ddc
_cBK
999 _c69631
_d69631